00546nam a22001937a 450000500170000001000150001702000260003202000230005803500130008103700130009408200100010710000180011724500610013526000430019627000490023930000260028850000190031470000190033320131217111221.0 aENG-108807 a9781259062582c375.00 a1259062589c375.00 aEN-92340 bDBAD/PUB a519.4 aDey, Sukhendu aNumerical methods /cby Sukhendu Dey [and] Shishir Gupta aNew DelhibMcGraw Hill Educationc2013 aP-24 Green Park ExtensionbNew Delhie110016 axvii,570p.c23cm(pbk) aIncludes index aGupta, Shishir